| 000 | 01020cam a2200253 4500 | ||
|---|---|---|---|
| 001 | ABS61761 | ||
| 008 | 000000n2000 000 0 eng u | ||
| 035 | _a(Sirsi) u103803 | ||
| 100 | _aKwok-Chun, W. | ||
| 245 | _aProperty rights implications of public-private joint ventures | ||
| 260 | _c2000 | ||
| 490 |
_aConstruction Management and Economics _v(18) January 2000, 131-138(8) |
||
| 520 | _aArgues that a cooperative joint venture between a public institution and a private developer will reduce dissipation of rent under public ownership and lead to a transfer of shares from the public institution to the private developer. Gives examples from Hong Kong and China and discusses variations of the cooperative joint venture. | ||
| 590 | _aABS | ||
| 650 | _aJOINT VENTURES | ||
| 650 | _aPUBLIC PRIVATE PARTNERSHIPS | ||
| 650 | _aEQUITY | ||
| 650 | _aCHINA | ||
| 650 | _aHONG KONG | ||
| 650 | _aPROPERTY RIGHTS | ||
| 690 | _aBUILDING AND CONSTRUCTION-PROJECTS | ||
| 700 | _aWalker, A. | ||
| 942 | _n0 | ||
| 999 |
_c62334 _d62334 |
||